Statistics for Super 4 Playmobil Characters by Picture

Click here to take the quiz!

General Stats

  • This quiz has been taken 2 times
  • The average score is 10 of 17

Answer Stats

Answer% Correct
Alex
100%
Gene
100%
Ruby
100%
Twinkle Starglitter
100%
Alien
50%
Baba Cara
50%
Black Baron
50%
Dr. X
50%
Fourchesac
50%
King Kendrick
50%
Leonora
50%
Pirate Sharkbeard
50%
Rock Brock
50%
Rypan
50%
Sir Gareth
50%
Sir Ulf
50%
Sykronior
0%

Score Distribution

Percentile by Number Answered

Percent of People with Each Score

Your Score History

You have not taken this quiz